000 00314nam a2200133Ia 4500
008 191201s2011 xx 000 0 und d
100 _aELMASRI,Ramez
245 0 _aFundamentals of Data Base Systems
250 _aIMP6th
260 _c2011
_bpearson
_aN. delhi
300 _a1143
650 _aCSE
942 _2ddc
_cBB
999 _c7716
_d7716